German Bundesländer - Statistics

General Stats
  • This quiz has been taken 3,804 times
    3,802 since last reset
  • The average score is 12 of 16
Answer Stats
State % Correct
Bavaria
95%
Berlin
93%
Hamburg
87%
Saxony
87%
Bremen
82%
North Rhine-Westphalia
77%
Lower Saxony
76%
Saxony-Anhalt
75%
Brandenburg
74%
Saarland
74%
Hesse
73%
Thuringia
70%
Schleswig-Holstein
66%
Mecklenburg-Vorpommern
63%
Baden-Württemberg
60%
Rhineland-Palatinate
60%
No matching quizzes found
Score Distribution
Percent of People with Each Score
Percentile by Number Answered
Your Score History
You have not taken this quiz since the last reset